00617nam a2200205Ia 4500003000400000008004100004040001600045082001600061100002100077245008200098700001600180700001900196260006000215300001000275650002200285650003400307650001900341650002300360650002800383GCL140319s9999 xx 000 0 eng d aGCL / cGCL04a005.75bH H1 aHOFF, ARTHUR VAN10aHOOKED ON JAVA: CREATING HOT WEB SITES WITH JAVA APPLETS / cHOFF, ARTHUR VAN1 aSHAIO, SAMI1 aSTARBUCK, ORCA a[S.N] : bADDISON - WESLEY PUBLISHING COMPANY ، c1996 a181 P04aشعر الحرب04aOBJECT - ORIENTED PROGRAMMING04aWORLD WIDE WEB04aMULTIMEDIA SYSTEMS04aJAVA COMPUTER PROGRAMES